000 01901nam a22003375i 4500
001 163900
003 ES-MaACL
005 20250918184012.0
008 940615m18281832sp |||| | spa d
080 _a821.134.2-14(082.2)
245 0 0 _aColección de romances castellanos anteriores al siglo 18 :
_btomo I [- V].
260 _aMadrid :
_bImprenta de D. Leon Amarita :
_bse hallará en la librería de Cuesta...,
_c1828-1832.
300 _a5 v, ;
_c18 cm.
505 8 _aContiene: I. Romancero de romances moriscos... / por Don Agustín Durán -- II. Romancero de romances doctrinales, amatorios, festivos, jocosos, satíricos y burlescos: sacados de varias colecciones generales... / por Don Agustín Durán -- III. Cancionero y romancero de coplas y canciones de arte menor... / por D. Agustín Durán -- IV-V. Romancero de romances caballerescos e históricos... / por D. Agustín Durán, parte I [- II]
530 _aDisponible en formato digital.
596 _aFecha de impresión en v. II: 1829.
596 _aPie de imprenta en v. III-V: Madrid : Imprenta de D. Eusebio Aguado, 1829-1832.
596 _aFecha de impresión en v. IV y VI: 1832.
597 _aTexto a dos columnas.
597 _aSignaturizado.
650 4 _aRomances-
_zEspaña.
_916935
700 1 _aDurán, Agustín,
_d1793-1862
_946168
740 0 2 _aRomancero de romances moriscos.
740 0 2 _aRomancero de romances doctrinales, amatorios, festivos, jocosos, satíricos y burlescos.
740 0 2 _aCancionero y romancero de coplas y canciones de arte menor.
740 0 2 _aRomancero de romances caballerescos e históricos.
852 4 _aES-MaACL
_jD-2158
_z(v. V, parte I)
_z- Enc. pasta española
_z- Legado Modesto de la Fuente
852 4 _aES-MaACL
_jG-15098-102
856 4 _uhttp://bdh-rd.bne.es/viewer.vm?id=0000086185&page=1
_zBiblioteca Digital Hispánica
999 _c163900
_d163900